000 00510nam a2200217Ia 4500
003 OSt
005 20230410112348.0
008 210423s2009 xx 000 0 und d
020 _a9788184891447
040 _cAL
041 _aeng
082 _a512 LANS
100 _aLANG (Serge).
_985280
245 _aUndergraduate algebra.
250 _a2
260 _aNew Delhi
_bSpringer Pvt Ltd
_c2009
300 _axi,365
_bPB
365 _b395
_cINR
906 _aalgebra. ; Undergraduate
942 _2ddc
_cBK
999 _c158342
_d158342